000
00276nam a22001337a 4500
008
180817b xxu||||| |||| 00| 0 eng d
041
_a
eng
080
_a
159.9
082
_a
159.9
100
_a
49
101
_a
PSI
245
_a
Psychology
_c
Aktinson.R.L
942
_2
udc
_c
BK
999
_c
47194
_d
47194